| 000 | 01210nam a22002777a 4500 | ||
|---|---|---|---|
| 005 | 20101004135757.0 | ||
| 008 | 100928t xxu||||| |||| 00| 0 hin d | ||
| 010 | _aHIN-90746 | ||
| 020 |
_c295.00 _a9788190560931 |
||
| 035 | _aHN-63092 | ||
| 037 | _bDBAD / PUB | ||
| 040 |
_aDPL _bHN |
||
| 082 | _a824 | ||
| 100 |
_922145 _aतिवारी, सियाराम |
||
| 245 |
_aचिन्तन और अनुशीलन / _cसियाराम तिवारी |
||
| 246 |
_aChintan or anusheelan _bby Siyaram Tiwari |
||
| 260 |
_aदिल्ली _bहर्ष पब्लिकेशन्स _c2010 |
||
| 270 |
_a1/10753, द्वितीय तल, सुभाष पार्क, नवीन शाहदरा _bदिल्ली _e110032 _k9899938522, 9910189445 |
||
| 300 |
_a204पृ. _c22सेमी (सजिल्द) |
||
| 650 |
_91169 _aहिन्दी निबन्ध |
||
| 650 |
_922409 _aHindi Nibandh |
||
| 700 | _922273 | ||
| 700 | _922352 | ||
| 942 |
_2ddc _cHN _h824 _mतिवारी |
||
| 999 |
_c48139 _d48139 |
||